000 00291nam a22001337a 4500
008 181016b xxu||||| |||| 00| 0 eng d
020 _a9780838536841
041 _aeng
080 _a575
100 _a5
101 _aBIK
245 _aHarpers Biochemistry
_cMurray.R.K
942 _2udc
_cBK
999 _c49946
_d49946